000
00336nam a2200145Ia 4500
008
230718s9999 xx 000 0 und d
041
_a
Eng.
082
_a
346.42
_b
JAN-C
100
_a
Janjua,Zia ul-Islam
245
0
_a
Company law in Pakistan
260
_a
Pakistan
_b
Nadeem law
_c
2013
300
_a
88
650
_a
Law
999
_c
30257
_d
30257